| 000 | 00645nam a22001937a 4500 | ||
|---|---|---|---|
| 003 | OSt | ||
| 005 | 20140310182039.0 | ||
| 008 | 130815t xxu||||| |||| 00| 0 eng d | ||
| 020 | _a0590436848 | ||
| 050 |
_aBL 820 _b.C726 1990 |
||
| 082 |
_aHS 292.13 _bC72 1921 |
||
| 245 |
_aThe Golden Fleece and the heroes who lived before Achilles / _cPadriac Colum ; inside illustrations by Willy Pogany. |
||
| 260 |
_aNew York : _bScholastic, _cc1921 |
||
| 300 |
_a316 p. ; _bill. ; _c20 cm. |
||
| 648 |
_aArgonauts (Greek mythology) _xJuvenile literature _911015 |
||
| 648 |
_aMythology, Greek _xJuvenile literature _911016 |
||
| 942 | _2lcc | ||
| 999 |
_c8759 _d8759 |
||